La Terapia de familia: de las entidades a las narrativas /

Uloženo v:
Podrobná bibliografie
Hlavní autor: Romero S, María Cristina
Médium: Text
Témata:
Tagy: Přidat tag
Žádné tagy, Buďte první, kdo vytvoří štítek k tomuto záznamu!

MARC

LEADER 00000 a a2200000 04500
001 13581
003
040
100 |a Romero S, María Cristina  
245 |a La Terapia de familia:   |b de las entidades a las narrativas /  |c María Cristina Romero S 
650 |a FAMILIA  
650 |a TEORIA  
650 |a COMUNICACION  
650 |a RELACIONES HUMANAS  
650 |a SISTEMAS SOCIALES  
650 |a TERAPIA  
650 |a MODELOS  
650 |a SOCIOLOGIA  
773 |g número 71; páginas 19-36  
999 |c 39433  |d 39433